[Event "Minsk Kupreichik Memorial op"]
[Site "Minsk"]
[Date "2018.06.21"]
[Round "2"]
[White "Barskij, Vladimir"]
[Black "Selitski, Aleksandr Nikolaevi"]
[Result "1-0"]
[WhiteElo "2389"]
[BlackElo "1968"]
[PlyCount "113"]
[EventDate "2018.06.21"]
[EventType "swiss (rapid)"]
[EventRounds "11"]
[EventCountry "BLR"]
[SourceTitle "CBM 185 Extra"]
[Source "ChessBase"]
[SourceDate "2018.07.29"]
[SourceVersion "1"]
[SourceVersionDate "2018.07.29"]
[SourceQuality "1"]

1. e4 c6 2. d4 d5 3. exd5 cxd5 4. Bf4 Nc6 5. c3 Nf6 6. Bd3 a6 7. Nd2 g6 8. Ngf3 Bg7 9. 0-0 0-0 10. h3 Re8 11. Re1 e6 12. a4 Bd7 13. b4 b6 14. Nb3 a5 15. b5 Ne7 16. g4 Rc8 17. Rc1 Rf8 18. Qd2 Ne8 19. Kg2 Kh8 20. Rh1 f6 21. h4 Kg8 22. Rce1 e5 23. dxe5 Bxg4 24. Nbd4 Bxf3+ 25. Nxf3 fxe5 26. Bxe5 Qd7 27. Qg5 Nf5 28. h5 Bh6 29. Bxf5 Qxf5 30. Qxf5 gxf5 31. Nd4 f4 32. Rh3 Nf6 33. Bxf6 Rxf6 34. Nc6 Rcf8 35. Kf3 Kh8 36. Rhh1 Rf5 37. Ne7 R5f7 38. Nxd5 Bg7 39. h6 Bf6 40. Re6 Bd8 41. Rhe1 Rf5 42. c4 Rh5 43. Re8 Rhf5 44. R1e5 R5f7 45. R5e6 Rf5 46. Rxf8+ Rxf8 47. Nxb6 Kg8 48. Nd5 Kf7 49. Ra6 Re8 50. Kxf4 Re2 51. f3 Ra2 52. Kf5 Rxa4 53. Ra7+ Ke8 54. c5 Rd4 55. Ke6 Rd2 56. Rxh7 Re2+ 57. Kd6 1-0

[Event "Minsk Kupreichik Memorial op"]
[Site "Minsk"]
[Date "2018.06.21"]
[Round "4"]
[White "Selitski, Aleksandr Nikolaevi"]
[Black "Kalugin, Sergey V"]
[Result "0-1"]
[WhiteElo "1968"]
[BlackElo "2394"]
[PlyCount "56"]
[EventDate "2018.06.21"]
[EventType "swiss (rapid)"]
[EventRounds "11"]
[EventCountry "BLR"]
[SourceTitle "CBM 185 Extra"]
[Source "ChessBase"]
[SourceDate "2018.07.29"]
[SourceVersion "1"]
[SourceVersionDate "2018.07.29"]
[SourceQuality "1"]

1. d4 Nf6 2. c4 g6 3. Nc3 Bg7 4. e4 d6 5. Be2 0-0 6. Bg5 Na6 7. g4 Qe8 8. h4 c5 9. d5 e6 10. f3 exd5 11. cxd5 c4 12. Nh3 Nc5 13. 0-0 b5 14. Qd2 b4 15. Nd1 Nfxe4 16. fxe4 Nxe4 17. Qe1 c3 18. bxc3 bxc3 19. Rc1 Qa4 20. Bf3 Nxg5 21. Nxg5 c2 22. Nf2 Ba6 23. Nfe4 Bxf1 24. Qxf1 h6 25. Nh3 Bb2 26. Nxd6 Rab8 27. Be4 Bxc1 28. Qf6 Bb2 0-1